<?xml version="1.0" encoding="UTF-8"?>
<collection xmlns="http://www.loc.gov/MARC21/slim">
 <record>
  <leader>00658nam a2200217   4500</leader>
  <controlfield tag="001">000006844</controlfield>
  <controlfield tag="003">3004</controlfield>
  <controlfield tag="005">20150812140804.0</controlfield>
  <controlfield tag="008">110922s                               sd</controlfield>
  <datafield tag="100" ind1="0" ind2=" ">
   <subfield code="a">Toan Ánh</subfield>
  </datafield>
  <datafield tag="245" ind1="0" ind2="0">
   <subfield code="a">Nếp cũ - Hội hè đình đám</subfield>
   <subfield code="c">Toan Ánh</subfield>
  </datafield>
  <datafield tag="774" ind1=" " ind2=" ">
   <subfield code="a">Toan Ánh</subfield>
   <subfield code="d">Nxb. Trẻ</subfield>
   <subfield code="d">Tp. Hồ Chí Minh</subfield>
   <subfield code="d">2005</subfield>
   <subfield code="g">Q. Hạ</subfield>
   <subfield code="h">334 tr</subfield>
   <subfield code="w">3007</subfield>
  </datafield>
  <datafield tag="774" ind1=" " ind2=" ">
   <subfield code="a">Toan Ánh</subfield>
   <subfield code="d">Nxb. Trẻ</subfield>
   <subfield code="d">Tp. Hồ Chí Minh</subfield>
   <subfield code="d">2005</subfield>
   <subfield code="g">Q.Thượng</subfield>
   <subfield code="h">289 tr</subfield>
   <subfield code="w">3006</subfield>
  </datafield>
  <datafield tag="OWN" ind1=" " ind2=" ">
   <subfield code="a">LSP</subfield>
  </datafield>
  <datafield tag="999" ind1=" " ind2=" ">
   <subfield code="a">From the UDN01</subfield>
  </datafield>
  <datafield tag="TYP" ind1=" " ind2=" ">
   <subfield code="a">Monograph</subfield>
  </datafield>
  <datafield tag="TYP" ind1=" " ind2=" ">
   <subfield code="a">Printed language</subfield>
  </datafield>
  <datafield tag="980" ind1=" " ind2=" ">
   <subfield code="a">Mạng thư viện Đại học Đà Nẵng</subfield>
  </datafield>
 </record>
</collection>
